Tenant's notice of cover consultation (Record no. 72651)
[ view plain ]
| 000 -LEADER | |
|---|---|
| fixed length control field | 01237cam a2200205 4500 |
| 001 - CONTROL NUMBER | |
| control field | WB3918-13 |
| 008 - FIXED-LENGTH DATA ELEMENTS--GENERAL INFORMATION | |
| fixed length control field | 030512n2003 000 0 eng u |
| 035 ## - SYSTEM CONTROL NUMBER | |
| System control number | (Sirsi) u122242 |
| 245 ## - TITLE STATEMENT | |
| Title | Tenant's notice of cover consultation |
| 260 ## - PUBLICATION, DISTRIBUTION, ETC. | |
| Date of publication, distribution, etc. | 2003 |
| 490 ## - SERIES STATEMENT | |
| Series statement | RICS Residential Faculty News |
| Volume/sequential designation | 9 May 2003 (1) |
| 520 ## - SUMMARY, ETC. | |
| Summary, etc. | Under the Commonhold and Leasehold Reform Act 2002 long leaseholders of houses have the right to arrange their own buildings insurance, subject to certain conditions. A new consultation seeks views on the additional information to be included in the notice of cover and on the form of the notice as prescribed in the draft Leasehold Houses (Notice of Cover of Insurance) (England) Regulations 2003. "Consultation on the prescribed form of tenant's notice of cover" available at www.housing.odpm.gov.uk/information/consult/leaseholdhouses/index.htm www.rics.org/ricscms/bin/show?class=News&template=/includes/shownews.html&id=5703 |
| 590 ## - LOCAL NOTE (RLIN) | |
| Local note | WB |
| 650 ## - SUBJECT ADDED ENTRY--TOPICAL TERM | |
| Topical term or geographic name entry element | LEASEHOLDERS |
| 650 ## - SUBJECT ADDED ENTRY--TOPICAL TERM | |
| Topical term or geographic name entry element | LEASEHOLD HOUSES (NOTICE OF COVER OF INSURANCE) (ENGLAND) REGULATIONS 2003 |
| 650 ## - SUBJECT ADDED ENTRY--TOPICAL TERM | |
| Topical term or geographic name entry element | BUILDINGS INSURANCE |
| 650 ## - SUBJECT ADDED ENTRY--TOPICAL TERM | |
| Topical term or geographic name entry element | COMMONHOLD AND LEASEHOLD REFORM ACT 2002 |
| 690 ## - LOCAL SUBJECT ADDED ENTRY--TOPICAL TERM (OCLC, RLIN) | |
| Topical term or geographic name as entry element | Landlord and tenant |
| 9 (RLIN) | 6252 |
| 942 ## - ADDED ENTRY ELEMENTS (KOHA) | |
| Suppress in OPAC | 0 |
| Withdrawn status | Lost status | Source of classification or shelving scheme | Damaged status | Not for loan | Home library | Current library | Shelving location | Date acquired | Total Checkouts | Full call number | Barcode | Date last seen | Copy number | Price effective from | Koha item type |
|---|---|---|---|---|---|---|---|---|---|---|---|---|---|---|---|
| Dewey Decimal Classification | London | London | News article | 12/05/2003 | WB3918-13 | 122242-1001 | 06/08/2019 | 1 | 06/08/2019 | News article |